[Event "Vojvodina-chT"]
[Site "Kac"]
[Date "2016.11.22"]
[Round "11.1"]
[White "Babic, Djordje"]
[Black "Milanovic, Stanko"]
[Result "1/2-1/2"]
[WhiteElo "2038"]
[BlackElo "2150"]
[PlyCount "24"]
[EventDate "2016.11.15"]
[EventType "team-tourn"]
[EventRounds "11"]
[EventCountry "SRB"]
[SourceTitle "CBM 175 Extra"]
[Source "ChessBase"]
[SourceDate "2016.12.12"]
[SourceVersion "1"]
[SourceVersionDate "2016.12.12"]
[SourceQuality "1"]
[WhiteTeam "Bilecanin"]
[BlackTeam "Bora Ivkov"]
[WhiteTeamCountry "SRB"]
[BlackTeamCountry "SRB"]

1. e4 e5 2. Nf3 Nc6 3. Nc3 Nf6 4. Bb5 d6 5. 0-0 Bd7 6. Re1 Be7 7. d4 exd4 8. Nxd4 Nxd4 9. Bxd7+ Qxd7 10. Qxd4 0-0 11. Bg5 Rfe8 12. Rad1 h6 1/2-1/2